[Event "Donskoj"]
[Site "Donskoj"]
[Date "2010.09.05"]
[Round "2"]
[White "Novikov, Maxim"]
[Black "Sukharev, Alexander"]
[Result "1-0"]
[WhiteElo "2503"]
[BlackElo "2267"]
[PlyCount "87"]
[EventDate "2010.09.04"]
[EventType "tourn"]
[EventRounds "15"]
[EventCountry "RUS"]
[EventCategory "6"]
[SourceTitle "EXT 2011"]
[Source "ChessBase"]
[SourceDate "2010.11.26"]
[SourceVersion "1"]
[SourceVersionDate "2010.11.26"]
[SourceQuality "1"]

1. e4 c5 2. Nf3 b6 3. d4 cxd4 4. Nxd4 Bb7 5. Nc3 d6 6. Bg5 Nd7 7. Bc4 a6 8. Qe2 b5 9. Bd5 Qc8 10. 0-0 Ngf6 11. Rad1 e6 12. Nxe6 fxe6 13. Bxe6 Be7 14. Bxf6 gxf6 15. Qg4 Qc7 16. Qg7 Rf8 17. Qxh7 Qc5 18. a4 bxa4 19. Nxa4 Qxc2 20. Nc3 Bc6 21. Qh5+ Kd8 22. Qa5+ Ke8 23. Qc7 Ne5 24. Nd5 Bxd5 25. Qxc2 Bxe6 26. f4 Rc8 27. Qa4+ Nd7 28. Qxa6 Kf7 29. Rfe1 Rg8 30. Rd2 Rb8 31. f5 Bb3 32. Qa7 Ne5 33. Kh1 Ra8 34. Qe3 Rab8 35. Qa7 Ra8 36. Qf2 Rgb8 37. Qd4 Rb5 38. Qe3 Ra2 39. Qh6 Bc4 40. Rb1 Bd3 41. Qh7+ Ke8 42. Qg8+ Kd7 43. Rxd3 Nxd3 44. Qxa2 1-0

[Event "Volgograd Region-ch"]
[Site "Volgograd"]
[Date "2010.03.06"]
[Round "7"]
[White "Osmanov, Vadim"]
[Black "Sukharev, Alexander"]
[Result "1/2-1/2"]
[WhiteElo "2029"]
[BlackElo "2267"]
[PlyCount "92"]
[EventDate "2010.02.28"]
[EventType "swiss"]
[EventRounds "9"]
[EventCountry "RUS"]
[SourceTitle "EXT 2012"]
[Source "ChessBase"]
[SourceDate "2011.11.24"]
[SourceVersion "1"]
[SourceVersionDate "2011.11.24"]
[SourceQuality "1"]

1. d4 Nf6 2. c4 g6 3. Nc3 Bg7 4. e4 d6 5. f4 0-0 6. Nf3 c5 7. d5 b5 8. cxb5 a6 9. b6 Qxb6 10. Bc4 Bg4 11. 0-0 Nbd7 12. Rb1 Qc7 13. Bd2 Nb6 14. Qe2 Nxc4 15. Qxc4 Bxf3 16. Rxf3 Nd7 17. Re1 Rfb8 18. Nd1 Qb7 19. Rb3 Qc7 20. Rh3 Qb7 21. Qe2 Qb5 22. Qg4 Nf8 23. Bc3 Bxc3 24. Rxc3 Qa5 25. Rce3 Qxa2 26. h4 Rb3 27. R3e2 Rb4 28. h5 Qc4 29. Rd2 Rab8 30. f5 Qc1 31. Rde2 Qh6 32. hxg6 hxg6 33. fxg6 Nxg6 34. Rf1 Kf8 35. Re3 Rb3 36. Rff3 Rxe3 37. Rxe3 Rb4 38. Rh3 Qf4 39. Qc8+ Kg7 40. Rf3 Qxe4 41. Ne3 Qd4 42. Qe8 f6 43. Rg3 Qe4 44. Rf3 Qd4 45. Rg3 Qe4 46. Rf3 Qd4 1/2-1/2